Museos de Bogotá /
محفوظ في:
| مؤلف مشترك: | |
|---|---|
| التنسيق: | كتاب |
| اللغة: | Spanish |
| منشور في: |
Bogotá :
Alcaldía Mayor,
2001.
|
| الموضوعات: | |
| الوسوم: |
إضافة وسم
لا توجد وسوم, كن أول من يضع وسما على هذه التسجيلة!
|
MARC
| LEADER | 00000cam a2200000 a 4500 | ||
|---|---|---|---|
| 005 | 20150720150905.0 | ||
| 008 | 010809s2001 ck a r 00010 spa d | ||
| 040 | |a la |c la | ||
| 041 | 0 | |a spa | |
| 082 | 0 | 4 | |a 708 |b B675m |2 19 ed. |
| 110 | 1 | |a Bogotá (Colombia) |b Alcaldía Mayor. | |
| 245 | 1 | 0 | |a Museos de Bogotá / |c Alcaldía Mayor. |
| 260 | |a Bogotá : |b Alcaldía Mayor, |c 2001. | ||
| 300 | |a 30 páginas : |b ilustraciones a color | ||
| 650 | 1 | 4 | |a MUSEOS |z BOGOTA (COLOMBIA) |
| 942 | |2 ddc |c REF | ||
| 999 | |c 4358 |d 4358 | ||
